Dilemmák és tézisek avagy tézisek a dilemmáról

Elmentve itt :
Bibliográfiai részletek
Szerző: Mihály Ottó
Dokumentumtípus: Cikk
Megjelent: 1999
Sorozat:Iskolakultúra 9 No. 11
Online Access:http://misc.bibl.u-szeged.hu/40494
LEADER 00574nab a2200169 i 4500
001 misc40494
005 20191106140937.0
008 180709s1999 hu o 0|| zxx d
022 |a 1215-5233 
040 |a SZTE Miscellanea Repozitórium  |b hun 
041 |a zxx 
100 1 |a Mihály Ottó 
245 1 0 |a Dilemmák és tézisek avagy tézisek a dilemmáról  |h [elektronikus dokumentum] /  |c  Mihály Ottó 
260 |c 1999 
300 |a 94-98 
490 0 |a Iskolakultúra  |v 9 No. 11 
856 4 0 |u http://misc.bibl.u-szeged.hu/40494/1/EPA00011_iskolakultura_1999_11_094-098.pdf  |z Dokumentum-elérés